[Event "Mar de Ajo op 5th"]
[Site "Mar de Ajo"]
[Date "2023.11.12"]
[Round "5"]
[White "Heredia, Valentin"]
[Black "De Dovitiis, Alejo"]
[Result "1/2-1/2"]
[WhiteElo "2019"]
[BlackElo "2255"]
[PlyCount "69"]
[EventDate "2023.11.10"]
[EventType "swiss"]
[EventRounds "6"]
[EventCountry "ARG"]
[SourceTitle "CB46_2023"]
[SourceDate "2023.11.15"]
[SourceVersion "1"]
[SourceVersionDate "2023.11.15"]
[SourceQuality "1"]

1. d4 Nf6 2. c4 e6 3. Nc3 d5 4. cxd5 exd5 5. Bg5 c6 6. e3 a5 7. Bd3 Na6 8. Nge2 Be7 9. 0-0 Nh5 10. Bxe7 Qxe7 11. Qd2 0-0 12. f3 Qg5 13. Rad1 f5 14. Nf4 Nc7 15. Na4 Nxf4 16. exf4 Qf6 17. Bb1 Ne6 18. Rfe1 Qd8 19. Re5 b5 20. Nc5 Nxc5 21. dxc5 Rf7 22. Rde1 Bd7 23. R1e2 Qf8 24. Qd4 Re8 25. Rxe8 Bxe8 26. Re5 Bd7 27. a3 a4 28. Kf2 Re7 29. Rxe7 Qxe7 30. g3 Kf7 31. Qe3 Qf6 32. Qe5 Qxe5 33. fxe5 Ke6 34. f4 g5 35. Ke3 1/2-1/2

[Event "ARG-ch sf 98th"]
[Site "Buenos Aires"]
[Date "2023.05.03"]
[Round "5"]
[White "Heredia, Valentin"]
[Black "Bertona, Fernando"]
[Result "0-1"]
[WhiteElo "2073"]
[BlackElo "2397"]
[PlyCount "80"]
[EventDate "2023.04.29"]
[EventType "swiss"]
[EventRounds "9"]
[EventCountry "ARG"]
[SourceTitle "CBM 214 Extra"]
[Source "ChessBase"]
[SourceDate "2023.07.31"]
[SourceVersion "1"]
[SourceVersionDate "2023.07.31"]
[SourceQuality "1"]

1. Nf3 d5 2. c4 c6 3. g3 Nf6 4. Bg2 Bf5 5. cxd5 cxd5 6. 0-0 Nc6 7. d3 e6 8. b3 Be7 9. Bb2 0-0 10. Nbd2 h6 11. Rc1 Rc8 12. a3 Qb6 13. Nb1 Rfd8 14. Nc3 a5 15. Na4 Qa7 16. Nc3 Ne8 17. Nb5 Qb6 18. Nbd4 Bh7 19. Qd2 Bf6 20. Nxc6 bxc6 21. Bxf6 Nxf6 22. b4 axb4 23. Qxb4 Qa7 24. Rc5 Nd7 25. Ra5 Qc7 26. d4 Rb8 27. Qc3 Qb6 28. Rc1 Rdc8 29. Ne5 Nxe5 30. dxe5 Bf5 31. Rc5 Qb3 32. h4 Qa2 33. Rxc6 Rxc6 34. Qxc6 Qxe2 35. Qc7 Rb2 36. Qc8+ Kh7 37. Qc5 Qxe5 38. a4 Ra2 39. a5 Qb2 40. Bf1 Rxa5 0-1

[Event "ARG-ch U20"]
[Site "Buenos Aires"]
[Date "2023.02.20"]
[Round "7"]
[White "Heredia, Valentin"]
[Black "Yeza, Tiago"]
[Result "1-0"]
[WhiteElo "2135"]
[BlackElo "1808"]
[PlyCount "127"]
[EventDate "2023.02.17"]
[EventType "swiss"]
[EventRounds "9"]
[EventCountry "ARG"]
[SourceTitle "EXT 2024"]
[Source "ChessBase"]
[SourceDate "2023.10.10"]
[SourceVersion "1"]
[SourceVersionDate "2023.10.10"]
[SourceQuality "1"]

1. d4 d5 2. Nf3 Nf6 3. g3 e6 4. Bg2 Be7 5. c4 0-0 6. Qc2 c6 7. 0-0 b6 8. b3 Bb7 9. Nc3 Na6 10. e4 dxe4 11. Nxe4 c5 12. Nxf6+ Bxf6 13. Ng5 Bxg5 14. Bxg5 Qxg5 15. Bxb7 Nb4 16. Qc3 Rab8 17. dxc5 bxc5 18. Be4 f5 19. Bg2 Qf6 20. Rfc1 Qxc3 21. Rxc3 a5 22. a3 Na6 23. Rd1 Rfd8 24. Rcd3 Rxd3 25. Rxd3 Rb6 26. f4 Nb8 27. Kf2 Kf7 28. Ke3 Ke7 29. Kd2 Rd6 30. Rxd6 Kxd6 31. Kc3 e5 32. fxe5+ Kxe5 33. b4 axb4+ 34. axb4 cxb4+ 35. Kxb4 g5 36. c5 h5 37. Kc4 f4 38. gxf4+ gxf4 39. h4 Na6 40. c6 Nc7 41. Kc5 Ne6+ 42. Kb6 Kd6 43. Bf3 Nc7 44. Bxh5 Nd5+ 45. Kb7 Ne7 46. c7 Ke6 47. Bf3 Kf6 48. Kb6 Ke6 49. Bg4+ Ke5 50. Kc5 f3 51. Bxf3 Kf4 52. h5 Kg5 53. Bg4 Kf6 54. Kd6 Kf7 55. h6 Kf8 56. h7 Kf7 57. h8Q Nf5+ 58. Ke5 Ne7 59. Bh5+ Ng6+ 60. Bxg6+ Kxg6 61. Qf6+ Kh7 62. Qg5 Kh8 63. c8Q+ Kh7 64. Qcg8# 1-0

[Event "ARG-ch U20"]
[Site "Buenos Aires"]
[Date "2023.02.20"]
[Round "8"]
[White "Zaldivar, Patricio"]
[Black "Heredia, Valentin"]
[Result "1/2-1/2"]
[WhiteElo "1840"]
[BlackElo "2135"]
[PlyCount "76"]
[EventDate "2023.02.17"]
[EventType "swiss"]
[EventRounds "9"]
[EventCountry "ARG"]
[SourceTitle "EXT 2024"]
[Source "ChessBase"]
[SourceDate "2023.10.10"]
[SourceVersion "1"]
[SourceVersionDate "2023.10.10"]
[SourceQuality "1"]

1. e4 c5 2. Nf3 Nc6 3. d4 cxd4 4. Nxd4 g6 5. c4 Nf6 6. Nc3 d6 7. Be2 Nxd4 8. Qxd4 Bg7 9. Be3 0-0 10. Qd2 Be6 11. 0-0 Qa5 12. f3 Rfc8 13. b3 a6 14. a4 Nd7 15. Rfc1 Nc5 16. Bd1 Qb4 17. Rab1 Rab8 18. Bd4 b5 19. Bxg7 Kxg7 20. Qb2 Nd3 21. Nd5+ Nxb2 22. Nxb4 Nxd1 23. Nxa6 Nc3 24. Rxc3 b4 25. Nxb8 bxc3 26. Na6 Rc6 27. Nb4 Rb6 28. Nd5 Bxd5 29. cxd5 Kf6 30. Kf2 Ke5 31. Ke3 c2 32. f4+ Kf6 33. Rc1 Rxb3+ 34. Kd4 Rb4+ 35. Kd3 Rxa4 36. Rxc2 Ra3+ 37. Kd4 Ra4+ 38. Kd3 Ra3+ 1/2-1/2

[Event "Montevideo Duchamp Cup 6th"]
[Site "Montevideo"]
[Date "2023.02.09"]
[Round "7"]
[White "Heredia, Valentin"]
[Black "Escofet Fernandez, Jaime"]
[Result "1-0"]
[WhiteElo "2135"]
[BlackElo "1932"]
[PlyCount "53"]
[EventDate "2023.02.03"]
[EventType "swiss"]
[EventRounds "9"]
[EventCountry "URU"]
[SourceTitle "CBM 212 Extra"]
[Source "ChessBase"]
[SourceDate "2023.03.31"]
[SourceVersion "1"]
[SourceVersionDate "2023.03.31"]
[SourceQuality "1"]

1. d4 e6 2. Nf3 f5 3. g3 Nf6 4. Bg2 d5 5. 0-0 Bd6 6. c4 c6 7. b3 Qe7 8. Bb2 0-0 9. Qc1 a5 10. Ba3 Nbd7 11. Bxd6 Qxd6 12. Nc3 Ne4 13. Nd2 Ndf6 14. f3 Nxc3 15. Qxc3 f4 16. e4 Nd7 17. g4 e5 18. exd5 cxd5 19. Rfe1 Qb6 20. cxd5 exd4 21. Qc4 Nf6 22. d6+ Kh8 23. g5 Nd7 24. Ne4 Ne5 25. Qc5 Qxc5 26. Nxc5 Re8 27. Nd3 1-0

[Event "Montevideo Duchamp Cup 6th"]
[Site "Montevideo"]
[Date "2023.02.04"]
[Round "2"]
[White "Garcia, Axel"]
[Black "Heredia, Valentin"]
[Result "1/2-1/2"]
[WhiteElo "1781"]
[BlackElo "2135"]
[PlyCount "111"]
[EventDate "2023.02.03"]
[EventType "swiss"]
[EventRounds "9"]
[EventCountry "URU"]
[SourceTitle "CBM 212 Extra"]
[Source "ChessBase"]
[SourceDate "2023.03.31"]
[SourceVersion "1"]
[SourceVersionDate "2023.03.31"]
[SourceQuality "1"]

1. c4 e5 2. Nc3 Nf6 3. g3 Bb4 4. Bg2 0-0 5. Nf3 Nc6 6. 0-0 e4 7. Ng5 Bxc3 8. bxc3 Re8 9. d3 exd3 10. exd3 h6 11. Nh3 d6 12. Rb1 Bg4 13. f3 Bf5 14. Nf2 d5 15. Rxb7 Na5 16. Rb2 Qd7 17. Rb5 Nc6 18. f4 Ne7 19. Qb3 Rad8 20. d4 dxc4 21. Qxc4 Be6 22. Qc5 Nfd5 23. Ra5 Qc6 24. Qxc6 Nxc6 25. Rc5 Nce7 26. a3 Nf5 27. Re1 Nb6 28. Bc6 Bd7 29. Rxe8+ Rxe8 30. Bxd7 Nxd7 31. Rxf5 Re1+ 32. Kg2 Rxc1 33. Rd5 Nf6 34. Rc5 Rc2 35. Kf3 Rxf2+ 36. Kxf2 Ne4+ 37. Ke3 Nxc5 38. dxc5 c6 39. Ke4 Kf8 40. Ke5 Ke7 41. g4 Kd7 42. h4 Ke7 43. f5 f6+ 44. Kf4 Kf7 45. Ke4 Ke7 46. Kd4 Kd7 47. Kc4 Kc7 48. Kb4 Kb8 49. Kc4 Kc7 50. Kd4 Kd7 51. Ke4 Ke7 52. Kf3 Kf7 53. Kf4 Ke7 54. a4 a5 55. g5 h5 56. g6 1/2-1/2

[Event "Santa Fe Litoral op 2nd"]
[Site "Santa Fe"]
[Date "2022.11.13"]
[Round "7"]
[White "Coro, Lucas"]
[Black "Heredia, Valentin"]
[Result "1-0"]
[WhiteElo "2316"]
[BlackElo "2157"]
[PlyCount "65"]
[EventDate "2022.11.10"]
[EventType "swiss"]
[EventRounds "7"]
[EventCountry "ARG"]
[SourceTitle "CBM 211 Extra"]
[Source "ChessBase"]
[SourceDate "2023.01.31"]
[SourceVersion "1"]
[SourceVersionDate "2023.01.31"]
[SourceQuality "1"]

1. e4 c5 2. Nf3 g6 3. c3 Bg7 4. d4 cxd4 5. cxd4 d5 6. e5 Nc6 7. Bb5 Nh6 8. 0-0 Bg4 9. Nbd2 0-0 10. Bxc6 bxc6 11. h3 Bxf3 12. Nxf3 Qb6 13. Qc2 Rac8 14. Bf4 Nf5 15. Qd2 e6 16. b4 f6 17. Rfe1 fxe5 18. Bxe5 Bxe5 19. Rxe5 Nd6 20. Rxe6 Ne4 21. Qc2 Qxb4 22. Rxc6 Rb8 23. Rc1 a5 24. Qd3 Qb2 25. R6c2 Qb4 26. Ne5 Rb7 27. Qe3 a4 28. Rc8 Qd2 29. Qxd2 Nxd2 30. R8c2 Ne4 31. Nd3 Rfb8 32. Nc5 Rb4 33. Na6 1-0

[Event "Santa Fe Litoral op 2nd"]
[Site "Santa Fe"]
[Date "2022.11.13"]
[Round "6"]
[White "Ressia, Lorenzo"]
[Black "Heredia, Valentin"]
[Result "0-1"]
[WhiteElo "1788"]
[BlackElo "2157"]
[PlyCount "39"]
[EventDate "2022.11.10"]
[EventType "swiss"]
[EventRounds "7"]
[EventCountry "ARG"]
[SourceTitle "CBM 211 Extra"]
[Source "ChessBase"]
[SourceDate "2023.01.31"]
[SourceVersion "1"]
[SourceVersionDate "2023.01.31"]
[SourceQuality "1"]

1. d4 Nf6 2. c4 b6 3. Nc3 Bb7 4. Qc2 d5 5. Nf3 e6 6. Bg5 Be7 7. e3 Nbd7 8. Be2 0-0 9. 0-0 dxc4 10. Nd2 c5 11. dxc5 Nxc5 12. Bxc4 Nh5 13. Bxe7 Qxe7 14. Be2 Nf6 15. Bf3 Rac8 16. Bxb7 Qxb7 17. Rfd1 b5 18. Ne2 Nd5 19. Ne4 Nxe3 20. Nxc5 0-1

[Event "Santa Fe Litoral op 2nd"]
[Site "Santa Fe"]
[Date "2022.11.11"]
[Round "2"]
[White "Heredia, Valentin"]
[Black "Rodriguez Vila, Andres"]
[Result "0-1"]
[WhiteElo "2157"]
[BlackElo "2442"]
[PlyCount "72"]
[EventDate "2022.11.10"]
[EventType "swiss"]
[EventRounds "7"]
[EventCountry "ARG"]
[SourceTitle "CBM 211 Extra"]
[Source "ChessBase"]
[SourceDate "2023.01.31"]
[SourceVersion "1"]
[SourceVersionDate "2023.01.31"]
[SourceQuality "1"]

1. d4 Nf6 2. c4 g6 3. Nc3 Bg7 4. e4 d6 5. h3 c5 6. Nf3 cxd4 7. Nxd4 0-0 8. Be3 b6 9. Be2 Bb7 10. Qc2 Nbd7 11. 0-0 Rc8 12. Rac1 a6 13. Qb1 Nc5 14. Bf3 Nfd7 15. Rfd1 Ne5 16. Be2 e6 17. f4 Bh6 18. Bd2 Nc6 19. Nf3 f5 20. exf5 gxf5 21. b4 Nd7 22. Be3 Qe7 23. Qd3 d5 24. a3 Nf6 25. cxd5 exd5 26. Bxb6 Bxf4 27. Bc5 Qe6 28. Rc2 Rf7 29. Nh4 d4 30. b5 axb5 31. Nxb5 Be3+ 32. Kh2 Qe5+ 33. g3 f4 34. Nf3 fxg3+ 35. Kg2 Nh5 36. Qb3 Nf4+ 0-1

[Event "Santa Fe Litoral op 2nd"]
[Site "Santa Fe"]
[Date "2022.11.10"]
[Round "1"]
[White "Cabrera, Joel"]
[Black "Heredia, Valentin"]
[Result "0-1"]
[WhiteElo "1387"]
[BlackElo "2157"]
[PlyCount "78"]
[EventDate "2022.11.10"]
[EventType "swiss"]
[EventRounds "7"]
[EventCountry "ARG"]
[SourceTitle "CBM 211 Extra"]
[Source "ChessBase"]
[SourceDate "2023.01.31"]
[SourceVersion "1"]
[SourceVersionDate "2023.01.31"]
[SourceQuality "1"]

1. e4 c5 2. Nc3 Nc6 3. Bb5 Nd4 4. Bc4 a6 5. a4 e6 6. f4 Nf6 7. d3 d5 8. Ba2 b5 9. axb5 axb5 10. e5 Nd7 11. Nf3 b4 12. Ne2 Nxf3+ 13. gxf3 Be7 14. Bd2 Bb7 15. c3 bxc3 16. bxc3 Qc7 17. c4 dxc4 18. dxc4 Bxf3 19. Rg1 Bh4+ 20. Kf1 0-0 21. Qc2 g6 22. Nc3 Qc6 23. Re1 Bg4 24. Re3 Bf5 25. Qd1 Kh8 26. Be1 Be7 27. h4 f6 28. Bb1 fxe5 29. Bxf5 Rxf5 30. Rf3 e4 31. Rf2 e3 32. Rf3 Ra1 33. Qe2 Bxh4 34. Kg2 Rxe1 35. Rxe1 Bxe1 36. Qxe1 Ne5 37. Qxe3 Qxf3+ 38. Qxf3 Nxf3 39. Kxf3 g5 0-1

[Event "Buenos Aires Ciudad de Nueve op 4th"]
[Site "Buenos Aires"]
[Date "2022.10.10"]
[Round "6"]
[White "Aguilar Samper, Valentin"]
[Black "Heredia, Valentin"]
[Result "1/2-1/2"]
[WhiteElo "2240"]
[BlackElo "2141"]
[PlyCount "76"]
[EventDate "2022.10.08"]
[EventType "swiss"]
[EventRounds "7"]
[EventCountry "ARG"]
[SourceTitle "EXT 2024"]
[Source "ChessBase"]
[SourceDate "2023.10.10"]
[SourceVersion "1"]
[SourceVersionDate "2023.10.10"]
[SourceQuality "1"]

1. g3 Nf6 2. Bg2 g6 3. d4 Bg7 4. e4 d6 5. Nc3 c6 6. Nge2 Qc7 7. h3 Nbd7 8. a4 a5 9. Be3 0-0 10. Qd2 Re8 11. 0-0 e5 12. f4 Rb8 13. g4 b5 14. axb5 cxb5 15. Ng3 b4 16. Nce2 exd4 17. Nxd4 Nc5 18. e5 dxe5 19. Nc6 Rb6 20. Bxc5 Rxc6 21. Bxc6 Qxc6 22. Qd6 Qb5 23. Qb6 Qc4 24. Qxa5 exf4 25. Qxb4 Qxb4 26. Bxb4 Nd5 27. Rae1 Be6 28. Bd6 Bd4+ 29. Kh2 fxg3+ 30. Bxg3 Bxb2 31. Rb1 Bc3 32. Rfd1 Ra8 33. Be1 Be5+ 34. Bg3 Bxg3+ 35. Kxg3 Ra3+ 36. Rd3 Rxd3+ 37. cxd3 Kg7 38. h4 Ne3 1/2-1/2

[Event "ARG-ch sf 97th"]
[Site "Buenos Aires"]
[Date "2022.09.09"]
[Round "2"]
[White "Heredia, Valentin"]
[Black "Fiorito, Joaquin"]
[Result "0-1"]
[WhiteElo "1919"]
[BlackElo "2271"]
[PlyCount "92"]
[EventDate "2022.09.08"]
[EventType "swiss"]
[EventRounds "9"]
[EventCountry "ARG"]
[SourceTitle "CBM 210 Extra"]
[Source "ChessBase"]
[SourceDate "2022.11.30"]
[SourceVersion "1"]
[SourceVersionDate "2022.11.30"]
[SourceQuality "1"]

1. d4 Nf6 2. c4 g6 3. Nc3 d5 4. cxd5 Nxd5 5. e4 Nxc3 6. bxc3 Bg7 7. Bb5+ Bd7 8. Bd3 c5 9. Ne2 0-0 10. 0-0 Nc6 11. Be3 Rc8 12. Rb1 Qc7 13. Qd2 Rfd8 14. Rfc1 Qa5 15. Rb5 Qa3 16. Rxc5 b6 17. Rc4 Be6 18. d5 Ne5 19. Rxc8 Bxc8 20. Nd4 Nxd3 21. Qxd3 Qxa2 22. Nc6 Re8 23. Bg5 Qa3 24. Qc4 Bf8 25. Qb4 Qa2 26. Bxe7 Qd2 27. Ra1 Bg7 28. Qc4 Bxc3 29. Bb4 Bxb4 30. Nxb4 Bf5 31. f3 Bd7 32. Nc6 Bxc6 33. dxc6 Rc8 34. Rxa7 Qe1+ 35. Qf1 Qe3+ 36. Qf2 Qc1+ 37. Qf1 Qxc6 38. h3 b5 39. Kh1 b4 40. Qa6 Qc1+ 41. Kh2 Qf4+ 42. Kg1 Rc1+ 43. Kf2 Qh4+ 44. g3 Rc2+ 45. Ke3 Qg5+ 46. Kd4 Qc5+ 0-1

[Event "Santa Rosa op"]
[Site "Santa Rosa"]
[Date "2022.07.08"]
[Round "1"]
[White "Lores Schwindt, Benicio"]
[Black "Heredia, Valentin"]
[Result "0-1"]
[WhiteElo "1385"]
[BlackElo "1902"]
[PlyCount "22"]
[EventDate "2022.07.08"]
[EventType "swiss"]
[EventRounds "7"]
[EventCountry "ARG"]
[SourceTitle "CBM 209 Extra"]
[Source "ChessBase"]
[SourceDate "2022.09.30"]
[SourceVersion "1"]
[SourceVersionDate "2022.09.30"]
[SourceQuality "1"]

1. e4 c5 2. Nf3 Nc6 3. d4 cxd4 4. Nxd4 g6 5. Be3 Bg7 6. Nc3 Nf6 7. Bc4 0-0 8. f3 Qb6 9. Bb5 Nxd4 10. Nd5 Qa5+ 11. c3 Nc6 0-1

[Event "La Pampa op"]
[Site "La Pampa"]
[Date "2022.03.04"]
[Round "2"]
[White "Heredia, Valentin"]
[Black "Tobares Dilascio, Oriana Helena"]
[Result "1-0"]
[WhiteElo "1806"]
[BlackElo "1206"]
[PlyCount "95"]
[EventDate "2022.03.04"]
[EventType "swiss"]
[EventRounds "7"]
[EventCountry "ARG"]
[SourceTitle "CBM 207 Extra"]
[Source "ChessBase"]
[SourceDate "2022.05.31"]
[SourceVersion "1"]
[SourceVersionDate "2022.05.31"]
[SourceQuality "1"]

1. d4 d5 2. c4 c6 3. cxd5 cxd5 4. Bf4 Nc6 5. Nc3 a6 6. e3 Nf6 7. Bd3 Bg4 8. Nge2 e6 9. 0-0 Bd6 10. f3 Bh5 11. Rc1 0-0 12. Bxd6 Qxd6 13. Nf4 Bg6 14. Nxg6 hxg6 15. f4 Ne7 16. g4 Rac8 17. Rf2 b5 18. Rfc2 Rc6 19. Nb1 Rfc8 20. Nd2 Rxc2 21. Rxc2 Rxc2 22. Bxc2 Nc6 23. Nb3 Nd7 24. h4 Qe7 25. Qe1 Na7 26. g5 Nc8 27. Qa5 Ncb6 28. Nc5 Nxc5 29. Qxb6 Ne4 30. Bxe4 dxe4 31. a3 Qd7 32. Qb8+ Kh7 33. Qe5 Qd5 34. Qxd5 exd5 35. Kf2 Kg8 36. Kg3 f5 37. gxf6 gxf6 38. Kg4 f5+ 39. Kg5 Kf7 40. h5 gxh5 41. Kxh5 Kf6 42. Kh6 Kf7 43. Kg5 Ke6 44. Kg6 Kd6 45. Kxf5 Kc6 46. Ke6 a5 47. b4 a4 48. Ke5 1-0

[Event "Buenos Aires"]
[Site "Buenos Aires"]
[Date "2020.01.13"]
[Round "2.1"]
[White "Heredia, Valentin"]
[Black "Pierucci, Fabian"]
[Result "0-1"]
[WhiteElo "1737"]
[BlackElo "1926"]
[PlyCount "70"]
[EventDate "2020.01.13"]
[EventType "tourn"]
[EventRounds "9"]
[EventCountry "ARG"]
[SourceTitle "EXT 2024"]
[Source "ChessBase"]
[SourceDate "2023.10.10"]
[SourceVersion "1"]
[SourceVersionDate "2023.10.10"]
[SourceQuality "1"]

1. d4 Nf6 2. c4 e6 3. Nc3 d5 4. cxd5 exd5 5. Bg5 Nbd7 6. e3 c6 7. Bd3 h6 8. Bh4 Be7 9. Nge2 0-0 10. 0-0 Re8 11. f3 c5 12. Bf2 Nf8 13. Bb5 Bd7 14. dxc5 Bxc5 15. Nd4 Rc8 16. Rc1 Bxb5 17. Ncxb5 Qb6 18. Qd2 Ng6 19. Nc3 Bxd4 20. exd4 Qa6 21. Rfe1 b6 22. Bg3 Qa5 23. Qd3 a6 24. Be5 Nd7 25. Bd6 b5 26. a3 Qb6 27. Bg3 Nf6 28. Kh1 Nh5 29. Nxd5 Rxc1 30. Rxc1 Nxg3+ 31. hxg3 Qd6 32. Ne3 Qxg3 33. Nf5 Qg5 34. Qc2 Nf4 35. Qf2 Qxf5 0-1

[Event "Buenos Aires Finde Largo op 2nd"]
[Site "Buenos Aires"]
[Date "2018.10.14"]
[Round "3.10"]
[White "Naselli, Alejandro"]
[Black "Heredia, Valentin"]
[Result "1-0"]
[WhiteElo "1929"]
[BlackElo "1698"]
[PlyCount "91"]
[EventDate "2018.10.13"]
[EventType "swiss"]
[EventRounds "6"]
[EventCountry "ARG"]
[SourceTitle "EXT 2024"]
[Source "ChessBase"]
[SourceDate "2023.10.10"]
[SourceVersion "1"]
[SourceVersionDate "2023.10.10"]
[SourceQuality "1"]

1. d4 Nf6 2. Bg5 e6 3. e4 h6 4. Bxf6 Qxf6 5. c3 d5 6. e5 Qd8 7. Bd3 c5 8. Ne2 Nc6 9. a3 cxd4 10. cxd4 Qb6 11. Nbc3 Bd7 12. Bb5 a6 13. Bxc6 Bxc6 14. Qd2 Be7 15. 0-0 0-0 16. Kh1 Rac8 17. f4 f5 18. Nd1 Bb5 19. Rf2 Rc7 20. Ne3 g5 21. Nc3 g4 22. Nexd5 exd5 23. Nxd5 Qc6 24. Nxc7 Qxc7 25. b4 Rd8 26. d5 Qd7 27. d6 Bxd6 28. Qxd6 Qxd6 29. exd6 Rxd6 30. g3 Bc6+ 31. Kg1 Be4 32. Rb2 Kf7 33. a4 Bf3 34. Kf2 Be4 35. Ra3 Ke6 36. Rc3 Rd7 37. Ke3 Bc6 38. b5 axb5 39. axb5 Be4 40. Rd2 Rh7 41. Rc8 h5 42. Re8+ Re7 43. Rxe7+ Kxe7 44. Kd4 Ke6 45. Re2 Kd6 46. Rxe4 1-0

[Event "ARG-ch U14"]
[Site "Villa Martelli"]
[Date "2018.02.12"]
[Round "8.5"]
[White "Gutierrez Reich, Francisco"]
[Black "Heredia, Valentin"]
[Result "1-0"]
[WhiteElo "1581"]
[BlackElo "1833"]
[PlyCount "52"]
[EventDate "2018.02.09"]
[EventType "swiss"]
[EventRounds "9"]
[EventCountry "ARG"]
[SourceTitle "EXT 2024"]
[Source "ChessBase"]
[SourceDate "2023.10.10"]
[SourceVersion "1"]
[SourceVersionDate "2023.10.10"]
[SourceQuality "1"]

1. e4 e6 2. d3 d5 3. Nd2 Nc6 4. g3 Nf6 5. Bg2 a5 6. a4 dxe4 7. dxe4 e5 8. Ngf3 Bc5 9. 0-0 0-0 10. c3 b6 11. Qc2 Ba6 12. c4 Qe7 13. b3 Rad8 14. Bb2 Nb4 15. Qc3 Ng4 16. h3 Rd3 17. Qc1 Nxf2 18. Rxf2 Bxf2+ 19. Kxf2 Rxf3+ 20. Kxf3 Nd3 21. Qc3 Qf6+ 22. Ke2 Qf2+ 23. Kxd3 Rd8+ 24. Kc2 Qxg2 25. Rd1 Qxh3 26. Qxe5 Qd7 1-0

[Event "ARG-ch U14"]
[Site "Villa Martelli"]
[Date "2018.02.11"]
[Round "6.4"]
[White "Martinez, Francisco Guillermo"]
[Black "Heredia, Valentin"]
[Result "0-1"]
[WhiteElo "1663"]
[BlackElo "1833"]
[PlyCount "72"]
[EventDate "2018.02.09"]
[EventType "swiss"]
[EventRounds "9"]
[EventCountry "ARG"]
[SourceTitle "EXT 2024"]
[Source "ChessBase"]
[SourceDate "2023.10.10"]
[SourceVersion "1"]
[SourceVersionDate "2023.10.10"]
[SourceQuality "1"]

1. d4 Nf6 2. Bg5 e6 3. e4 h6 4. Bxf6 Qxf6 5. c3 d5 6. e5 Qd8 7. Bd3 c5 8. Nf3 Nc6 9. 0-0 Bd7 10. Nbd2 Qb6 11. Qb3 Qc7 12. Qc2 Rc8 13. Rac1 Qb8 14. Qb1 Be7 15. a3 a5 16. Rc2 0-0 17. Re1 b5 18. Nf1 Qb6 19. dxc5 Bxc5 20. b4 axb4 21. cxb4 Be7 22. Rec1 Ra8 23. Qb3 Ra7 24. Ra2 Rfa8 25. Bb1 Nd4 26. Qd3 Nxf3+ 27. gxf3 g6 28. Rcc2 Rc7 29. Ne3 Rac8 30. Qd2 g5 31. Qe2 d4 32. Ng4 Bc6 33. Rc5 Bd5 34. Rxc7 Rxc7 35. Rb2 Rc3 36. Be4 Bc4 0-1

[Event "ARG-ch U14"]
[Site "Villa Martelli"]
[Date "2018.02.10"]
[Round "4.5"]
[White "Gullo, Octavio"]
[Black "Heredia, Valentin"]
[Result "0-1"]
[WhiteElo "1531"]
[BlackElo "1833"]
[PlyCount "28"]
[EventDate "2018.02.09"]
[EventType "swiss"]
[EventRounds "9"]
[EventCountry "ARG"]
[SourceTitle "EXT 2024"]
[Source "ChessBase"]
[SourceDate "2023.10.10"]
[SourceVersion "1"]
[SourceVersionDate "2023.10.10"]
[SourceQuality "1"]

1. d4 Nf6 2. c4 g6 3. f3 Bg7 4. e4 d6 5. Be3 0-0 6. Qd2 Nc6 7. Ne2 a6 8. Nec3 e5 9. d5 Nd4 10. Bxd4 exd4 11. Qxd4 Nxe4 12. Qd1 Qh4+ 13. Ke2 Qf2+ 14. Kd3 Nc5# 0-1

[Event "South American-ch U12"]
[Site "Santiago de Chile"]
[Date "2016.12.03"]
[Round "4.11"]
[White "Marchant Loyola, Sebastian"]
[Black "Heredia, Valentin"]
[Result "0-1"]
[WhiteElo "1400"]
[BlackElo "1708"]
[PlyCount "48"]
[EventDate "2016.12.01"]
[EventType "swiss"]
[EventRounds "9"]
[EventCountry "CHI"]
[SourceTitle "EXT 2022"]
[Source "ChessBase"]
[SourceDate "2021.10.06"]
[SourceVersion "1"]
[SourceVersionDate "2021.10.06"]
[SourceQuality "1"]

1. e4 e6 2. d4 d5 3. e5 c5 4. c3 Nc6 5. Nf3 Bd7 6. a3 Nge7 7. b4 cxd4 8. cxd4 Nf5 9. Nc3 Rc8 10. Bb2 a6 11. Rc1 b5 12. Bd3 Ncxd4 13. Nxd4 Nxd4 14. 0-0 Nc6 15. Ne2 Be7 16. f4 0-0 17. Rf3 Qb6+ 18. Nd4 Nxd4 19. Bxh7+ Kxh7 20. Rh3+ Kg8 21. Qh5 Nf3+ 22. Kf1 Qg1+ 23. Ke2 Qxg2+ 24. Kd3 Qd2# 0-1

[Event "South American-ch U12"]
[Site "Santiago de Chile"]
[Date "2016.12.01"]
[Round "1.11"]
[White "Heredia, Valentin"]
[Black "Cruz Zamora, Fabian"]
[Result "1/2-1/2"]
[WhiteElo "1708"]
[BlackElo "1265"]
[PlyCount "44"]
[EventDate "2016.12.01"]
[EventType "swiss"]
[EventRounds "9"]
[EventCountry "CHI"]
[SourceTitle "EXT 2022"]
[Source "ChessBase"]
[SourceDate "2021.10.06"]
[SourceVersion "1"]
[SourceVersionDate "2021.10.06"]
[SourceQuality "1"]

1. d4 Nf6 2. Nf3 g6 3. g3 Bg7 4. Bg2 0-0 5. 0-0 d6 6. c4 c6 7. Nc3 Be6 8. b3 d5 9. cxd5 cxd5 10. Bb2 Nc6 11. Ne5 Rc8 12. Rc1 a6 13. Nxc6 Rxc6 14. Na4 Qd6 15. Nc5 Bc8 16. Re1 e6 17. e4 dxe4 18. Nxe4 Nxe4 19. Rxc6 Qxc6 20. Bxe4 Qb6 21. Qd2 Rd8 22. Rc1 Bd7 1/2-1/2

[Event "Pan American-ch U12 27th"]
[Site "Montevideo"]
[Date "2016.07.25"]
[Round "1"]
[White "Rodriguez Delfino, Tiago"]
[Black "Heredia, Valentin"]
[Result "0-1"]
[WhiteElo "1306"]
[BlackElo "1655"]
[PlyCount "50"]
[EventDate "2016.07.25"]
[EventType "swiss"]
[EventRounds "9"]
[EventCountry "URU"]
[SourceTitle "EXT 2017"]
[Source "ChessBase"]
[SourceDate "2016.10.25"]
[SourceVersion "1"]
[SourceVersionDate "2016.10.25"]
[SourceQuality "1"]

1. e4 e6 2. d4 d5 3. e5 c5 4. c3 Nc6 5. Nf3 Nge7 6. Be2 Nf5 7. 0-0 cxd4 8. cxd4 Qb6 9. Bd3 Nfxd4 10. Nxd4 Nxd4 11. Nc3 Nc6 12. Re1 Bc5 13. Qc2 Nb4 14. Bb5+ Qxb5 15. Nxb5 Nxc2 16. Bd2 Bb6 17. Rec1 Nxa1 18. Nd6+ Kd7 19. Bb4 a5 20. Ba3 f6 21. exf6 gxf6 22. Rxa1 Bc7 23. Nb5 Be5 24. Rc1 b6 25. g3 Ba6 0-1